00436nam a2200169Ia 4500008004100000020001400041040001900055041001200074082002300086100001800109245003200127260002800159300002000187650002000207651002300227850001600250131103s9999 xx 000 0 und d a330347772 aLoreto College aEnglish aF/FRAbLCBED/11910 aFrancis, Dick aCome to griefcDick Francis aLondonbPan booksc1996 a407p. c 18 cm. aEnglish fiction aEnglish literature aLCBED/F/FRA